000 00869nam a2200277 a 4500
001 52894
003 BD-RjUL
005 20211209075858.0
008 160928s2006 nyua b 001 0 eng
020 _a0750310383 (Hardcover)
020 _a9780750310383 (Hardcover)
035 _a(BD-RjUL)53014
040 _aDLC
_cDLC
_dYDX
_dBAKER
_dBD-RjUL
_beng
041 _aeng
082 0 0 _a621.37
_222
_bTUP 2006
100 1 _aTumański, Sławomir.
_9158134
245 1 0 _aPrinciples of electrical measurement /
_cS. Tumański.
260 _aNew York :
_bTaylor & Francis,
_c2006.
300 _axii, 472 p. :
_bill. ;
_c25 cm.
490 1 _aSeries in sensors
504 _aIncludes bibliographical references and index.
650 0 _aElectrical measurements.
_9158135
650 0 _aElectronic measurements.
_9158136
830 0 _aSensors series.
_9158138
942 _2ddc
_cBK
999 _c52894
_d52894